Traité théorique et pratique des preuves en droit civil et en droit criminel / (Record no. 152379)

MARC details
000 -LEADER
campo de control de longitud fija 00582nam a22001695i 4500
001 - NÚMERO DE CONTROL
campo de control 152379
003 - IDENTIFICADOR DE NÚMERO DE CONTROL
campo de control ES-MaACL
005 - FECHA Y HORA DE LA ÚLTIMA TRANSACCIÓN
campo de control 20230906204718.0
008 - DATOS DE LONGITUD FIJA--INFORMACIÓN GENERAL
campo de control de longitud fija 051013s1843 fr | |||||||| ||fre d
040 ## - FUENTE DE CATALOGACIÓN
Centro catalogador/agencia de origen CAM
Lengua de catalogación spa
Centro/agencia transcriptor CAM
100 1# - ENTRADA PRINCIPAL--NOMBRE DE PERSONA
Nombre de persona Bonnier, Edouard.
9 (RLIN) 30278
245 10 - MENCIÓN DEL TÍTULO
Título Traité théorique et pratique des preuves en droit civil et en droit criminel /
Mención de responsabilidad, etc. par E. Bonnier.
260 ## - PUBLICACIÓN, DISTRIBUCIÓN, ETC.
Lugar de publicación, distribución, etc. Paris :
Nombre del editor, distribuidor, etc. Joubert, libraire,
Fecha de publicación, distribución, etc. 1843 (
Fabricante Imprimerie de Fain et Thunot)
300 ## - DESCRIPCIÓN FÍSICA
Extensión VIII, 707 p. ;
Dimensiones 22 cm.
650 #4 - PUNTO DE ACCESO ADICIONAL DE MATERIA--TÉRMINO DE MATERIA
Término de materia o nombre geográfico como elemento de entrada Pruebas (Derecho)
9 (RLIN) 16527
852 ## - LOCALIZACIÓN
Ubicación ES-MaACL
Número de control de estantería F-14628
Nota libre -- Enc. hol.
Holdings
Estatus retirado Estado de pérdida Estado de daño No para préstamo Colección Biblioteca de origen Biblioteca actual Ubicación en estantería Fecha de adquisición Fuente de adquisición Total de préstamos Signatura topográfica completa Código de barras Visto por última vez Precio de reemplazo Tipo de ítem Koha
        Libros del s. XIX Biblioteca del Ateneo de Madrid Biblioteca del Ateneo de Madrid Sala Pecera Planta 2 17/01/2008     F-14628 1159109 23/02/2023 23/02/2023 Libro impreso antiguo